000
00351nam a2200133Ia 4500
008
231129s1981||||xx |||||||||||||| ||spa||
020
_a
84-7102-173-0 (v.1
040
_b
spa
082
_a
R 635.903 P713
245
0
_a
Plantas y flores
260
_c
1981
264
_a
Barcelona España : Marín
942
_2
ddc
_c
BKS
999
_c
22848
_d
22848